अस्थियाँ (Record no. 3603)

MARC details
000 -LEADER
fixed length control field 01081 a2200241 4500
005 - DATE AND TIME OF LATEST TRANSACTION
control field 20080911163425.0
008 - FIXED-LENGTH DATA ELEMENTS--GENERAL INFORMATION
fixed length control field 080911t xxu||||| |||| 00| 0 hin d
010 ## - LIBRARY OF CONGRESS CONTROL NUMBER
LC control number HIN-79761
020 ## - INTERNATIONAL STANDARD BOOK NUMBER
International Standard Book Number 8188187267
Terms of availability 12500
035 ## - SYSTEM CONTROL NUMBER
System control number HN-52107
037 ## - SOURCE OF ACQUISITION
Source of stock number/acquisition D.B.Act / pub
082 ## - DEWEY DECIMAL CLASSIFICATION NUMBER
Classification number
100 ## - MAIN ENTRY--PERSONAL NAME
Personal name शर्मा, सुभाष
245 ## - TITLE STATEMENT
Title अस्थियाँ
Statement of responsibility, etc सुभाष शर्मा
246 ## - VARYING FORM OF TITLE
Title proper/short title Asthiyan
Remainder of title by Suvas Shrama
260 ## - PUBLICATION, DISTRIBUTION, ETC. (IMPRINT)
Place of publication, distribution, etc दिल्ली
Name of publisher, distributor, etc मनीषा प्रकाशन
Date of publication, distribution, etc 2007
270 ## - ADDRESS
Address 57-बी,पाकेट ए-फेज-11, अशोक विहार
City दिल्ली
Postal code 110052
Telephone number 27420386
300 ## - PHYSICAL DESCRIPTION
Extent 79पृ
Dimensions 22 सेमी (सजिल्द)
650 ## - SUBJECT ADDED ENTRY--TOPICAL TERM
Topical term or geographic name as entry element हिन्दी कहानियाँ
650 ## - SUBJECT ADDED ENTRY--TOPICAL TERM
Topical term or geographic name as entry element Hindi Stories
942 ## - ADDED ENTRY ELEMENTS (KOHA)
Institution code [OBSOLETE] dpl
Koha item type Hindi Books
Call number prefix क / शर्मासु
Source of classification or shelving scheme Dewey Decimal Classification
Classification part
Call number suffix शर्मासु
Holdings
Withdrawn status Lost status Damaged status Not for loan Home library Current library Date acquired Cost, normal purchase price Total Checkouts Full call number Barcode Date last seen Copy number Uniform Resource Identifier Cost, replacement price Price effective from Koha item type
        D.B.Act.Division D.B.Act.Division 11/09/2008 125.00   क शर्मासु HN-52107 15/09/2008 1 3837 125.00 15/09/2008 Hindi Books

© Delhi Public Library
Hit Counter
free hit counter